00492 2200169 4500001002100000005001500021035002000036007000300056008004100059020001800100082001100118084001700129100002100146245007600167260003500243300004400278INLIS00000000000057320240708025216 a0010-0724000001ta240708 g 0 ind  a979-420-646-6 a632.18 a632.18 HAR p0 aHaryono Semangun1 aPenyakit Penyakit Tanaman Hortikultura Di Indonesia /cHaryono Semangun aYogyakarta :bUGM Press,c2007 axvi, 799 hlm, :bilus, ;c16 cm x 24 cm